Alle Trainer der EM Sieger - Statistiken

Allgemein
  • Dieses Quiz wurde 59 mal gespielt
    31 seit der letzten Aktualisierung
  • Das Durchschnittsergebnis liegt bei 6 aus 17
Antwortstatistiken
Jahr Trainer Nation % Korrekt
2004 Otto Rehhagel Griechenland
77%
2012 Vicente del Bosque Spanien
65%
1996 Berti Vogts Deutschland
58%
1972 Helmut Schön BR Deutschland
58%
2021 Roberto Mancini Italien
50%
1980 Jupp Derwall BR Deutschland
46%
2016 Fernando Santos Portugal
42%
2024 Luis de la Fuente Spanien
42%
2008 Luis Aragonés Spanien
38%
1988 Rinus Michels Niederlande
31%
2000 Roger Lemerre Frankreich
27%
1984 Michel Hidalgo Frankreich
8%
1992 Richard Møller Nielsen Dänemark
8%
1968 Ferruccio Valcareggi Italien
4%
1960 Gawriil Katschalin Sowjetunion
4%
1964 José Villalonga Spanien
4%
1976 Václav Ježek Tschechoslowakei
4%
Keine übereinstimmenden Quizze gefunden
Verteilung der Resultate
Anzahl Personen mit jedem Resultat
Perzentil nach korrekt beantworteten Fragen
Ihre Resultats-Entwicklung
Sie haben dieses Quiz seit der letzten Aktualisierung nicht gespielt